000 00993nam a2200289 a 4500
001 000016241
005 20200929164332.0
008 100301s1947 sp 000 d spa d
040 _aDO-SdBNP
_bspa
_cBNPHU
082 _a862.3
_bM722c
100 1 _aMolina, Tirso de,
_d1579-1648
_95246
245 1 3 _aComedias /
_cTirso de Molina; prólogo y notas de Alonso Zamora Vicente y Josefa Canellada de Zamora.
260 _aMadrid :
_bEspasa-Calpe,
_c1947.
300 _av. ;
_c18 cm.
490 1 _aClásicos castellanos
_v131
500 _aIncluye notas al pie de las páginas.
500 _aIncluye índice de voces comentadas
500 _aLa biblioteca posee el volumen 2.
650 4 _aTeatro español
_93071
650 4 _aComedia española
_93085
650 4 _aLiteratura española
_9632
700 1 _aZamora Vicente, Alonso,
_epról.
_93327
700 1 _aCanellada de Zamora, Josefa,
_epról.
_936297
830 0 _aClásicos castellanos ;
_v131
_94180
910 _aWM
049 _aBNGR
999 _c15778
_d15778